Statistics for Country Shapes in the World Map #3 - 45 Second Sprint

Click here to take the quiz!

General Stats

  • This quiz has been taken 123 times
  • The average score is 18 of 20

Answers on the Map

Answers color-coded by a green-red scale on the quiz's map according to % correct below.
 

Answer Stats

country% Correct
Brazil
100%
Australia
99%
Chile
99%
Kazakhstan
96%
Norway
94%
Saudi Arabia
93%
Ireland
91%
Italy
91%
Madagascar
91%
Turkey
91%
Portugal
90%
Namibia
85%
Nepal
85%
Nicaragua
85%
Tunisia
85%
Tanzania
84%
Cambodia
82%
Belarus
81%
Cameroon
81%
Senegal
78%

Score Distribution

Percentile by Number Answered

Percent of People with Each Score

Your Score History

You have not taken this quiz